| 000 | 00457naa a22001817a 4500 | ||
|---|---|---|---|
| 001 | 138399 | ||
| 003 | 230563 | ||
| 005 | 20201118122342.0 | ||
| 008 | ||||||n9999 ||| || || | ||
| 100 | _aZapata Barrero, Ricardo | ||
| 245 | 0 |
_aTeorías de la justicia : _bpluralismo y estabilidad a debate |
|
| 562 | _e0 | ||
| 650 | _aJUSTICIA | ||
| 650 | _aLIBERALISMO | ||
| 650 | _aPLURALISMO | ||
| 773 |
_0138326 _aTeoría política : |
||
| 942 | _cCHAP | ||
| 999 |
_c138399 _d138399 |
||